000 00709nam a2200241Ia 4500
003 OSt
005 20220923213921.0
006 a|||||r|||| 00| 0
007 ta
008 220922b |||||||| |||| 00| 0 hin d
024 _a165,591
037 _cTextual
040 _aARTS
_cARTS
_bhin
041 _2hin
_ahin
082 _aO152:1NDI,11, H7
100 _aदीक्षित, सूर्यदेवी
245 0 _aनिर्झरिणी
246 _aNirzariṇī
260 _c1947
650 _aहिन्दी साहित्य
_9156264
942 _hO152:1NDI,11, H7
_cTEXL
_2CC
999 _c320070
_d320070